[Event "IECC Swiss email"]
[Site "IECC email"]
[Date "2002.05.12"]
[Round "?"]
[White "Robinson, Neil"]
[Black "Jowett, Peter"]
[Result "0-1"]
[WhiteElo "1735"]
[BlackElo "2250"]
[PlyCount "42"]
[EventDate "2002.??.??"]
[EventType "tourn (corr)"]
[EventRounds "6"]
[SourceTitle "Corr 2008"]
[Source "ChessBase"]
[SourceDate "2008.06.24"]
[SourceVersion "1"]
[SourceVersionDate "2008.06.24"]
[SourceQuality "1"]

1. d4 d5 2. c4 dxc4 3. e4 Nf6 4. e5 Nd5 5. Bxc4 Nb6 6. Bd3 Nc6 7. Be3 Nb4 8. Be4 f5 9. exf6 exf6 10. a3 f5 11. axb4 fxe4 12. Nc3 Bd6 13. Nh3 Bf5 14. Ng5 Qe7 15. Qh5+ Bg6 16. Qg4 0-0 17. Ngxe4 Bf5 18. Qf3 Bxb4 19. 0-0 Rae8 20. Bg5 Qd7 21. Qd3 Bxc3 0-1

[Event "IECC CL3-2000.03"]
[Site "IECC email"]
[Date "1999.11.07"]
[Round "?"]
[White "Gosme, Emile"]
[Black "Robinson, Neil"]
[Result "1-0"]
[WhiteElo "1854"]
[BlackElo "1784"]
[PlyCount "63"]
[EventDate "2000.??.??"]
[EventType "tourn (corr)"]
[EventRounds "4"]
[SourceTitle "Corr 2008"]
[Source "ChessBase"]
[SourceDate "2008.06.24"]
[SourceVersion "1"]
[SourceVersionDate "2008.06.24"]
[SourceQuality "1"]

1. d4 Nf6 2. Bg5 g6 3. Bxf6 exf6 4. e3 Bg7 5. Nf3 0-0 6. Bd3 d6 7. 0-0 c5 8. c3 Nc6 9. Nbd2 f5 10. Nb3 Qe7 11. Re1 Be6 12. e4 fxe4 13. Bxe4 Bxb3 14. Qxb3 Qc7 15. dxc5 dxc5 16. Qb5 Na5 17. Rad1 Rad8 18. Rd5 b6 19. Red1 Rxd5 20. Bxd5 Rd8 21. Ng5 Rd7 22. Nxf7 Rxf7 23. Qe8+ Bf8 24. b4 Nc6 25. Bxf7+ Qxf7 26. Qxc6 Qxa2 27. b5 Qc2 28. Qd5+ Kg7 29. Qf3 Be7 30. g3 Qa2 31. Rd7 Qe6 32. Rxa7 1-0

[Event "IECC CL3-2000.03"]
[Site "IECC email"]
[Date "1999.11.07"]
[Round "?"]
[White "Spiekermann, Michael"]
[Black "Robinson, Neil"]
[Result "1-0"]
[WhiteElo "2010"]
[BlackElo "1813"]
[PlyCount "99"]
[EventDate "2000.??.??"]
[EventType "tourn (corr)"]
[EventRounds "4"]
[SourceTitle "Corr 2008"]
[Source "ChessBase"]
[SourceDate "2008.06.24"]
[SourceVersion "1"]
[SourceVersionDate "2008.06.24"]
[SourceQuality "1"]

1. e4 d6 2. d4 g6 3. Nc3 Nf6 4. Nf3 Bg7 5. Be2 0-0 6. 0-0 Bg4 7. Be3 Nc6 8. d5 Nb8 9. h3 Bxf3 10. Bxf3 c6 11. Qd2 Nbd7 12. dxc6 bxc6 13. Rad1 Rb8 14. b3 Qc7 15. g3 Rfd8 16. Bg2 c5 17. g4 Nb6 18. g5 Nh5 19. Nb5 Qd7 20. a4 a6 21. Na3 Qc8 22. a5 Nd7 23. f4 Bh8 24. Nc4 Qc7 25. Bf3 Ng7 26. Bg4 Ne6 27. Bxe6 fxe6 28. f5 Rf8 29. fxe6 Ne5 30. Nxe5 Bxe5 31. Rxf8+ Rxf8 32. Rf1 Rxf1+ 33. Kxf1 Qc8 34. Qd5 Bc3 35. Ke2 Kg7 36. Bf4 Bxa5 37. Bg3 Bc3 38. e5 Bxe5 39. Bxe5+ dxe5 40. Qxe5+ Kg8 41. Qd5 Qc7 42. Kd3 Qb6 43. Qd7 Kf8 44. h4 Qb8 45. Kc4 Qf4+ 46. Kd5 Qf3+ 47. Kxc5 Qf2+ 48. Qd4 Qxc2+ 49. Kb4 a5+ 50. Ka3 1-0